Central Library OPAC University of Rajshahi
Normal view MARC view

Entry Topical Term

Number of records used in: 2

001 - CONTROL NUMBER

  • control field: 4289

003 - CONTROL NUMBER IDENTIFIER

  • control field: BD-RjUL

005 - DATE AND TIME OF LATEST TRANSACTION

  • control field: 20220804121947.0

008 - FIXED-LENGTH DATA ELEMENTS

  • fixed length control field: 220804|| aca||aabn | a|a d

040 ## - CATALOGING SOURCE

  • Original cataloging agency: BD-RjUL
  • Transcribing agency: BD-RjUL

150 ## - HEADING--TOPICAL TERM

  • Topical term or geographic name entry element: Firing (Ceramics)

670 ## - SOURCE DATA FOUND

  • Source citation: Work cat.: (BD-RjUL)80171: Watkins, James C., 1951- 4287, Alternative kilns & firing techniques :, c2004.